Premier Top Goal Scorers by Season -Sudden Death- - Statistics

General Stats
  • This quiz has been taken 61 times
  • The average score is 3 of 6
Answers on the Grid
Answers color-coded by a green-red scale on the quiz's grid according to % correct below.
Alexander Isak
Alexis Sánchez
Cristiano Ronaldo
Daniel Sturridge
Dennis Bergkamp
Diego Costa
Dimitar Berbatov
Emile Heskey
Emmanuel Adebayor
Eric Cantona
Fernando Torres
Frank Lampard
Ian Wright
Jermain Defoe
Jürgen Klinsmann
Marcus Rashford
Mark Hughes
Matt Le Tissier
Michael Owen
Nicolas Anelka
Ole Gunnar Solskjær
Ollie Watkins
Raheem Sterling
Robbie Fowler
Robbie Keane
Romelu Lukaku
Sadio Mané
Sergio Agüero
Wayne Rooney
Zlatan Ibrahimović
 
Answer Stats
Answer % Correct
Cristiano Ronaldo
88%
Dimitar Berbatov
58%
Sergio Agüero
54%
Nicolas Anelka
46%
Michael Owen
42%
Sadio Mané
42%
No matching quizzes found
Score Distribution
Percent of People with Each Score
Percentile by Number Answered
Your Score History
You have not taken this quiz